| 000 | 00705nam a22002297a 4500 | ||
|---|---|---|---|
| 005 | 20251108165035.0 | ||
| 008 | 250721s1983 xx 000 0 ara d | ||
| 082 | 1 | 4 | _aم/935/عرا |
| 245 | 1 | 0 | _aالعراق في التاريخ / |
| 264 | 1 |
_aبغداد : _bالمجمع العلمي العراقي، _c1983. |
|
| 300 | _a778ص | ||
| 650 | 1 | 7 | _aتاريخ العراق |
| 650 | 1 | 7 | _aبلاد ما بين النهرين |
| 650 | 1 | 7 | _aالتاريخ القديم |
| 650 | 1 | 7 | _aالاشوريون 605-933 |
| 650 | 1 | 7 | _aالاكاديون 2350-2159 |
| 650 | 1 | 7 | _aالبابليون 900-1900 |
| 650 | 1 | 7 | _aالسومريون |
| 650 | 1 | 7 | _aصدام حسين |
| 942 |
_2ddc _cREF |
||
| 999 |
_c20637 _d20637 |
||